000 00298nam a22001337a 4500
008 170306b xxu||||| |||| 00| 0 eng d
020 _a9781401871888
041 _aeng
080 _a611
100 _a6
101 _aSHM
245 _aFUNDAMENTALS ANATOMY PHYSIOLOGY
_cRIZZO.D.C
942 _2udc
_cBK
999 _c6862
_d6862